Knowledge process outsourcing : perspectives and practices (Record no. 187119)

MARC details
000 -LEADER
fixed length control field 00468nam a2200157Ia 4500
005 - DATE AND TIME OF LATEST TRANSACTION
control field 20250221135030.0
008 - FIXED-LENGTH DATA ELEMENTS--GENERAL INFORMATION
fixed length control field 231217s9999 xx 000 0 und d
020 ## - INTERNATIONAL STANDARD BOOK NUMBER
International Standard Book Number 9788131407141
082 ## - DEWEY DECIMAL CLASSIFICATION NUMBER
Classification number 658.723 SHA;1 R
100 ## - MAIN ENTRY--PERSONAL NAME
Personal name Shanthi, N M. Naveen Kumar E ed.
245 #0 - TITLE STATEMENT
Title Knowledge process outsourcing : perspectives and practices
260 ## - PUBLICATION, DISTRIBUTION, ETC. (IMPRINT)
Date of publication, distribution, etc. 2007
Name of publisher, distributor, etc. Icfai
Place of publication, distribution, etc. Hyderabad
300 ## - PHYSICAL DESCRIPTION
Extent xiv, 215+5
650 ## - SUBJECT ADDED ENTRY--TOPICAL TERM
Topical term or geographic name as entry element Knowledge,process,outsourcing,practices
942 ## - ADDED ENTRY ELEMENTS (KOHA)
Koha item type Books
Holdings
Date last seen Total Checkouts Full call number Accession number Old discount Cost, replacement price Price effective from Category Public note Lost status Damaged status Department Withdrawn status bill no. bill date Permanent Location Current Location Shelving location Entry date Vendor Cost, normal purchase price Grants Currency symbol Conversion rate Discount Discount type
26/01/2024   658.723 SHA;1 R 63790   38.00 26/01/2024 Books 63790     Central Library   1993 25/02/2014 Central Library Central Library Central Library 22/07/2010 ICFAI Press 38.00 MBA RS 1   Rupees
26/01/2024   658.723 SHA;2 R1 63791   38.00 26/01/2024 Books 63791     F-Block Annex   1993 25/02/2014 Central Library Central Library F-Block Library Annex 22/07/2010 ICFAI Press 38.00 MBA RS 1   Rupees
26/01/2024   658.723 SHA;3 71268   38.00 26/01/2024 Books 71268     Central Library   1993 20/01/2015 Central Library Central Library Central Library 30/11/2010 ICFAI Press 38.00 MBA RS 1   Rupees
26/01/2024   658.723 SHA;4 71517   38.00 26/01/2024 Books 71517     Central Library   1993 18/02/2015 Central Library Central Library Central Library 02/12/2010 ICFAI Press 38.00 MBA RS 1   Rupees

© For any Suggestions or Query, please contact the library staff @ librarian@pes.edu or Phone: +9180 2672 1983/ 2108.